00572cam a22001692 4500001001100000005001700011008004100028020002800069040001500097050002500112100003600137245008000173260004600253300002700299650003900326650003700365000000080120151217155200.0070220s xx 000 0 eng d a0802801161 :cKES 1,400 aKABUcKABU 0aBV4531.2b.P481 19941 aPeterson, Eugene H.@000014917310aLike dew your youth :bgrowing up with your teenager /cEugene H. Peterson. aGrand Rapids, MI :bW.B. Eerdmans,c1994. aviii, 117 p. ;c23 cm. 0aYouthxReligious life.@0000149174 0aParent and teenager.@0000137826